000
00285nam a2200133Ia 4500
100
_a
Biegel/John E
942
_c
BK
654
_a
control
245
_a
Production Control
260
_b
Prentice Hall of India
_a
NewDelhi
_c
1974
082
_a
658.5
300
_a
282
546
_a
ENGLISH
999
_c
27329
_d
27329